LEADER 01429nam a2200301 i 4500 001 000000350752 003 CaOOAMICUS 005 20220704114801.0 008 220704s2022 it u000 u ita u 013 $a230381 020 $a978-88-7367-294-4 040 $aSeMil$bita 100 1 $aZaccaria, Giovanni,$d<1979- >.$0(OLS)http://semarc/name/39493 245 10$aSacerdoti, re, profeti e martiri :$bteologia liturgica della Messa crismale /$cGiovanni Zaccaria. 264 1$aRoma :$bCLV, Centro liturgico vincenziano,$c2022. 300 $a238 p. ;$c24 cm 490 1 $aBibliotheca Ephemerides Liturgicae. Subsidia ;$v203 504 $aBibliografia, p. [227]-236 650 4$aLiturgia cattolica - Teologia.$0(OLS)http://semarc/subject/52585 650 4$aMessa - Liturgia.$0(OLS)http://semarc/subject/1666 650 4$aSettimana Santa - Giovedì.$0(OLS)http://semarc/subject/9834 830 0$aBibliotheca Ephemerides Liturgicae. Subsidia ;$v203.$0(OLS)http://semarc/title/38 850 $aSeMil 852 $aSeMil$W1$xVenegono$y1$m3KA A 203$j233414$B241765$CSeMilBibl$Z2$F241765 $81 996 $6020$a978-88-7367-294-4$9(OLS)http://semarc/number/296226 996 $6245$aSacerdoti, re, profeti e martiri :$bteologia liturgica della Messa crismale$9(OLS)http://semarc/title/440569 996 $6264$aRoma :$bCLV, Centro liturgico vincenziano$9(OLS)http://semarc/publisher/59402 LEADER 01123nam a2200241 i 4500 001 000000178803 003 CaOOAMICUS 005 20090615000000.0 008 090615s2002 it u000 u ita u 013 $a156378 040 $aSeMil$bita 100 1 $aSanesi, Roberto <1930-2001>.$0(OLS)http://semarc/name/21737 245 10$aScripta :$btavole oltre il visibile : Como, San Pietro in Atrio, 18-31 gennaio 2002 /$cRoberto Sanesi ; a cura di Emanuela Anzani e Vincenzo Guarracino. 260 $a[S.l.] :$bBook,$c2002. 300 $a74 p. :$briccamente ill. ;$c21x21 cm. 500 $aCatalogo della mostra tenuta a Como nel 2002. 700 1 $aGuarracino, Vincenzo,$d<1948- >.$0(OLS)http://semarc/name/7021 700 1 $aAnzani, Emanuela.$0(OLS)http://semarc/name/66393 850 $aSeMil 852 $aSeMil$W1$xVenegono$y1$m5M I 61$j129573$B129573$CSeMilBibl$Z2$F142279 $81 961 $aOmaggio: Giuliani don Angelo 996 $6245$aScripta :$btavole oltre il visibile : Como, San Pietro in Atrio, 18-31 gennaio 2002$9(OLS)http://semarc/title/256806 996 $6260$a[S.l.] :$bBook$9(OLS)http://semarc/publisher/49520